Violencia en sus distintos ambitos de expresión
Guardat en:
| Autors principals: | , , , |
|---|---|
| Altres autors: | |
| Format: | Llibre |
| Idioma: | espanyol |
| Publicat: |
Santiago
Dolmen
1997
|
| Edició: | 2a. ed |
| Matèries: | |
| Etiquetes: |
Afegir etiqueta
Sense etiquetes, Sigues el primer a etiquetar aquest registre!
|
MARC
| LEADER | 00000nam a2200000 a 4500 | ||
|---|---|---|---|
| 001 | UCO1379 | ||
| 003 | CL-VaPUC | ||
| 008 | 000512e19970000CL |||||||||||||||||spa|d | ||
| 020 | |a 9562012530 | ||
| 082 | 0 | 4 | |a 303.6 |b MAT |2 21 |
| 100 | |a Maturana Romesín, Humberto |e autor |9 448877 | ||
| 700 | 0 | |a Coddou, Fernando |e author |9 443443 | |
| 700 | |a Montenegro Arriagada, Hernán |e autor |9 582228 | ||
| 700 | 0 | |a Kunstmann, Gloria |e author |9 443445 | |
| 700 | 0 | |a Méndez, Carmen Luz |e author |9 443446 | |
| 245 | 1 | 0 | |a Violencia en sus distintos ambitos de expresión |
| 250 | |a 2a. ed | ||
| 300 | |a 91 p | ||
| 942 | |c BK | ||
| 945 | |d 20000512 00:00:00 |a rbrito | ||
| 260 | |a Santiago |b Dolmen |c 1997 | ||
| 650 | 0 | |a Violencia |9 255411 | |
| 650 | 0 | |a Violencia intrafamiliar |9 312986 | |
| 650 | 7 | |a SUICIDIO |2 CL-VaPUC |9 317374 | |
| 650 | 0 | |a Medios de comunicación de masas |9 257273 | |
| 583 | |a last modification |c 20000512 00:00:00 |k Rodrigo Vera | ||
| 999 | |c 288004 |d 288002 | ||
| 952 | |0 0 |1 0 |4 0 |6 303_600000000000000_MAT_1997 |7 0 |8 A |9 335169 |a BIBEDU |b BIBEDU |d 2019-11-20 |i 361266K |o 303.6 MAT 1997 |p 361266K |r 2019-11-20 |w 2019-11-20 |y BK |k PSI | ||
| 952 | |0 0 |1 0 |4 0 |6 303_600000000000000_MAT_1997 |7 0 |8 A |9 335170 |a BIBEDU |b BIBEDU |d 2019-11-20 |i 3702553 |o 303.6 MAT 1997 |p 3702553 |r 2019-11-20 |w 2019-11-20 |y BK |k LIT | ||